000 00497nam a2200145 a 4500
001 000045221
005 20201002045958.0
008 150211s1986 dr a 000 0 spa d
040 _aDO-SdBNP
_bspa
_cBNPHU
082 _axxxx
_bxxxx
245 0 0 _aCascanueces y los niños /
_cpresentacion Diógenes Váldez.
260 _aSanto Domingo :
_bComisión Organizadora Permanente de la Feria Nacional del Libro,
_c1986.
300 _a31 p. :
_bil. ;
_c27 cm.
700 1 2 _aVáldez, Diógenes,
_epresent.
_922958
999 _c44710
_d44710